000 00658nam a2200241Ia 4500
003 OSt
005 20221005121734.0
006 a|||||r|||| 00| 0
007 ta
008 221004b |||||||| |||| 00| 0 eng d
024 _a52125
037 _cTextual
040 _aCRL
_cCRL
_beng
041 _2eng
_aeng
082 _aR3xM591:1, G0 under size
100 _aMeyerson Emile
_9409269
245 0 _aIdentity and reality tr by Kate Loewenberg
260 _c1930
490 _aLibrary of philosophy; 4
650 _aPHILOSOPHY
942 _hR3xM591:1, G0 under size
_cTEXL
_2cc
999 _c1042098
_d1042098